<?xml version="1.0" encoding="UTF-8"?>
<record
    xmlns:xsi="http://www.w3.org/2001/XMLSchema-instance"
    xsi:schemaLocation="http://www.loc.gov/MARC21/slim http://www.loc.gov/standards/marcxml/schema/MARC21slim.xsd"
    xmlns="http://www.loc.gov/MARC21/slim">

  <leader>00482nam a22001697a 4500</leader>
  <controlfield tag="005">20230106085343.0</controlfield>
  <controlfield tag="008">230106b        |||||||| |||| 00| 0 eng d</controlfield>
  <datafield tag="020" ind1=" " ind2=" ">
    <subfield code="a">9781444196221</subfield>
  </datafield>
  <datafield tag="040" ind1=" " ind2=" ">
    <subfield code="a">KMU</subfield>
    <subfield code="c">KMU</subfield>
  </datafield>
  <datafield tag="050" ind1=" " ind2=" ">
    <subfield code="a">BF 173.J85 Sno 2013</subfield>
  </datafield>
  <datafield tag="100" ind1=" " ind2=" ">
    <subfield code="a">Snowden , Ruth</subfield>
  </datafield>
  <datafield tag="245" ind1=" " ind2=" ">
    <subfield code="a">Jung in a week /</subfield>
    <subfield code="c">by Ruth Snowden .</subfield>
  </datafield>
  <datafield tag="260" ind1=" " ind2=" ">
    <subfield code="a">London ;</subfield>
    <subfield code="b">Hodder &amp; Stoughton ,</subfield>
    <subfield code="c">2013 .</subfield>
  </datafield>
  <datafield tag="300" ind1=" " ind2=" ">
    <subfield code="a">122 pages :</subfield>
    <subfield code="b">Illustrations ;</subfield>
    <subfield code="c">19 cm .</subfield>
  </datafield>
  <datafield tag="650" ind1=" " ind2=" ">
    <subfield code="2">Oclc</subfield>
    <subfield code="a">Jungian psychology</subfield>
  </datafield>
  <datafield tag="942" ind1=" " ind2=" ">
    <subfield code="2">lcc</subfield>
    <subfield code="c">BK</subfield>
    <subfield code="n">0</subfield>
  </datafield>
  <datafield tag="999" ind1=" " ind2=" ">
    <subfield code="c">69</subfield>
    <subfield code="d">69</subfield>
  </datafield>
  <datafield tag="952" ind1=" " ind2=" ">
    <subfield code="0">0</subfield>
    <subfield code="1">0</subfield>
    <subfield code="2">lcc</subfield>
    <subfield code="4">0</subfield>
    <subfield code="7">0</subfield>
    <subfield code="8">NFIC</subfield>
    <subfield code="a">CPL</subfield>
    <subfield code="b">CPL</subfield>
    <subfield code="c">OA</subfield>
    <subfield code="d">2023-01-06</subfield>
    <subfield code="e">Book Aid</subfield>
    <subfield code="l">1</subfield>
    <subfield code="o">BF 173.J85 Sno 2013</subfield>
    <subfield code="p">748099</subfield>
    <subfield code="r">2024-03-07 00:00:00</subfield>
    <subfield code="s">2024-03-06</subfield>
    <subfield code="w">2023-01-06</subfield>
    <subfield code="y">BK</subfield>
  </datafield>
  <datafield tag="952" ind1=" " ind2=" ">
    <subfield code="0">0</subfield>
    <subfield code="1">0</subfield>
    <subfield code="2">lcc</subfield>
    <subfield code="4">0</subfield>
    <subfield code="7">0</subfield>
    <subfield code="8">NFIC</subfield>
    <subfield code="a">CPL</subfield>
    <subfield code="b">CPL</subfield>
    <subfield code="c">OA</subfield>
    <subfield code="d">2023-01-06</subfield>
    <subfield code="e">Book Aid</subfield>
    <subfield code="l">2</subfield>
    <subfield code="o">BF 173.J85 Sno 2013</subfield>
    <subfield code="p">748097</subfield>
    <subfield code="r">2024-09-04 00:00:00</subfield>
    <subfield code="s">2024-08-21</subfield>
    <subfield code="w">2023-01-06</subfield>
    <subfield code="y">BK</subfield>
  </datafield>
  <datafield tag="952" ind1=" " ind2=" ">
    <subfield code="0">0</subfield>
    <subfield code="1">0</subfield>
    <subfield code="2">lcc</subfield>
    <subfield code="4">0</subfield>
    <subfield code="7">0</subfield>
    <subfield code="8">NFIC</subfield>
    <subfield code="a">CPL</subfield>
    <subfield code="b">CPL</subfield>
    <subfield code="c">OA</subfield>
    <subfield code="d">2023-01-06</subfield>
    <subfield code="e">Book Aid</subfield>
    <subfield code="l">1</subfield>
    <subfield code="m">1</subfield>
    <subfield code="o">BF 173.J85 Sno 2013</subfield>
    <subfield code="p">748157</subfield>
    <subfield code="r">2025-06-04 00:00:00</subfield>
    <subfield code="s">2025-02-28</subfield>
    <subfield code="w">2023-01-06</subfield>
    <subfield code="y">BK</subfield>
  </datafield>
  <datafield tag="952" ind1=" " ind2=" ">
    <subfield code="0">0</subfield>
    <subfield code="1">0</subfield>
    <subfield code="2">lcc</subfield>
    <subfield code="4">0</subfield>
    <subfield code="7">0</subfield>
    <subfield code="8">NFIC</subfield>
    <subfield code="a">CPL</subfield>
    <subfield code="b">CPL</subfield>
    <subfield code="c">OA</subfield>
    <subfield code="d">2023-01-06</subfield>
    <subfield code="e">Book Aid</subfield>
    <subfield code="l">0</subfield>
    <subfield code="o">BF 173.J85 Sno 2013</subfield>
    <subfield code="p">748098</subfield>
    <subfield code="r">2023-01-06 00:00:00</subfield>
    <subfield code="w">2023-01-06</subfield>
    <subfield code="y">BK</subfield>
  </datafield>
</record>
